Central Library OPAC University of Rajshahi

The letters of Charles Lamb / (Record no. 23132)

MARC details
000 -LEADER
fixed length control field 00939cam a22002772a 4500
001 - CONTROL NUMBER
control field 23132
003 - CONTROL NUMBER IDENTIFIER
rucl marc code BD-RJUL
005 - DATE AND TIME OF LATEST TRANSACTION
control field 20211209000908.0
008 - FIXED-LENGTH DATA ELEMENTS--GENERAL INFORMATION
fixed length control field 140310s19451909xx 001 0 eng d
035 ## - SYSTEM CONTROL NUMBER
System control number OCLC ocm00542401 from D960206M
040 ## - CATALOGING SOURCE
Original cataloging agency HEI
Transcribing agency HEI
Modifying agency EQO
Language of cataloging eng
041 ## - LANGUAGE CODE
Language code of text/sound track or separate title eng
082 ## - DEWEY DECIMAL CLASSIFICATION NUMBER
Classification number 826.7
Author mark and year LAL 1945
090 ## - LOCALLY ASSIGNED LC-TYPE CALL NUMBER (OCLC); LOCAL CALL NUMBER (OCLC)
Classification number (OCLC) (R) ; Classification number, CALL (RLIN) (NR) PR4863
Local cutter number (OCLC) ; Book number/undivided call number, CALL (RLIN) .A6 1945
100 1# - MAIN ENTRY--PERSONAL NAME
Personal name Lamb, Charles,
Dates associated with a name 1775-1834.
9 (RLIN) 71322
245 04 - TITLE STATEMENT
Title The letters of Charles Lamb /
Statement of responsibility, etc. [arranged by Guy Pocock from the complete, annotated ed. of the letters of Charles and Mary Lamb, edited by E.V. Lucas]
Name of part/section of a work V-2
250 ## - EDITION STATEMENT
Edition statement [rev. ed.]
260 ## - PUBLICATION, DISTRIBUTION, ETC. (IMPRINT)
Place of publication, distribution, etc. London :
Name of publisher, distributor, etc. Dent ;
Place of publication, distribution, etc. New York :
Name of publisher, distributor, etc. Dutton,
Date of publication, distribution, etc. c1909[reprinting1945]
300 ## - PHYSICAL DESCRIPTION
Pagination 427 p. :
Illustrations illus. ;
Size 17 cm
490 1# - SERIES STATEMENT
Series statement Everyman's library ;
Volume/sequential designation 342-343
504 ## - BIBLIOGRAPHY, ETC. NOTE
Bibliography, etc Includes index
700 1# - ADDED ENTRY--PERSONAL NAME
Personal name Pocock, Guy Noel,
Dates associated with a name 1880-1955.
830 #0 - SERIES ADDED ENTRY--UNIFORM TITLE
Volume number/sequential designation 342-343
830 #0 - SERIES ADDED ENTRY--UNIFORM TITLE
Uniform title Everyman's library ;
942 ## - ADDED ENTRY ELEMENTS (KOHA)
Source of classification or shelving scheme Dewey Decimal Classification
Koha item type Books
Holdings
Lost status Source of classification or shelving scheme Damaged status Not for loan Collection code Permanent Location Current Location Shelving location Date acquired Source of acquisition Cost, normal purchase price Total Checkouts Full call number Date last seen Copy number Koha item type
  Dewey Decimal Classification   Added to bundle Fiction Central Library, University of Rajshahi Central Library, University of Rajshahi Reading Room 14/09/1955 B.H.Black well 55.00   826.7 LAL V-2 1945 10/03/2014 C-1 Books